Deciphering the modes of action of polymyxins and the synergistics combinations against multidrug-resistant gram-negative bacteria : a systems pharmacology approach /
Saved in:
| Main Author: | |
|---|---|
| Format: | Thesis |
| Language: | English |
| Published: |
Melbourne, Victoria, Australia :
Monash University,
2017
|
| Subjects: | |
| Tags: |
Add Tag
No Tags, Be the first to tag this record!
|
| LEADER | 011220000a22002410004500 | ||
|---|---|---|---|
| 008 | 180419s2017 at ad g m 000 0 eng d | ||
| 040 | |a UIAM |b eng |e rda | ||
| 050 | 0 | |a QR177 | |
| 100 | 0 | |a Mohd Hafidz Mahamad Maifiah, |e author | |
| 245 | 1 | 0 | |a Deciphering the modes of action of polymyxins and the synergistics combinations against multidrug-resistant gram-negative bacteria : |b a systems pharmacology approach / |c Mohd Hafidz Mahamad Maifiah |
| 264 | 1 | |a Melbourne, Victoria, Australia : |b Monash University, |c 2017 | |
| 300 | |a xxvii, 280 leaves : |b color illustrations, charts (some color) ; |c 30 cm. | ||
| 336 | |2 rdacontent |a text | ||
| 337 | |2 rdamedia |a unmediated | ||
| 338 | |2 rdacarrier |a volume | ||
| 502 | |a Thesis (Ph.D)--Monash University, 2017. | ||
| 504 | |a Includes bibliographic references (leaves 252-279). | ||
| 596 | |a 1 | ||
| 655 | 0 | 7 | |a Theses, non-IIUM |
| 710 | 2 | |a Monash University, |e degree granting institution | |
| 900 | |a oc-zi-nhe-ajt | ||
| 999 | |c 440252 |d 471946 | ||
| 952 | |0 0 |6 TI QR 000177 M697D 2017 |7 0 |8 THESES |9 762208 |a IIUM |b IIUM |c MULTIMEDIA |g 0.00 |o ti QR 177 M697D 2017 |p 11100385328 |r 2018-08-09 |t 1 |v 0.00 |y THESIS | ||
